| 000 | 01804nam a2200373 a 4500 | ||
|---|---|---|---|
| 003 | CO-PeBPR | ||
| 005 | 20260501153300.0 | ||
| 008 | 260415e2024 ck a|||| n||| 00| 0 spa c | ||
| 020 | _a9789583069383 | ||
| 040 | 0 |
_aCO-PeBPR _bspa _cCO-PeBPR _erda |
|
| 041 | 0 | _hspa | |
| 082 | 0 | 4 | _a658.0563 D856t |
| 100 | 1 |
_aDuffey, Chris _eautor |
|
| 245 | 1 | 0 |
_aTransforme su negocio con inteligencia artificial _b: innovación para superhumanos _c/ Chris Duffey ; traducción de Orlando Riaño ; edición de César A. Cardozo Tovar |
| 250 | _aEdición especial | ||
| 264 | 1 |
_aBogotá, Colombia _b: Panamericana Editorial _c, 2024 |
|
| 300 |
_a346 páginas _b: ilustraciones, gráficos en blanco y negro _c; 23 centímetros |
||
| 336 |
_atexto _btxt _crdacontenido |
||
| 337 |
_asin mediación _bn _2rdamedio |
||
| 338 |
_avolumen _bnc _2rdasoporte |
||
| 500 | _aIncluye índice. | ||
| 500 | _aContiene datos biográficos del autor. | ||
| 504 | _aIncluye bibliografía. | ||
| 520 | _aEste libro pretende explicar cómo se podrá aprovechar el creciente poder de la inteligencia artificial en todos los ámbitos, en especial en lo relacionado con las relaciones comerciales y laborales. La IA ha revolucionado las industrias en todo el mundo, y amplificará los servicios y experiencias, permitiendo optimizar procesos y obligando a un nuevo relacionamiento y concepción del trabajo humano. | ||
| 521 | _aRecomendado par jóvenes y adultos. | ||
| 650 | 1 | 4 |
_2LEMB _aAdministración de empresas |
| 650 | 1 | 4 |
_2LEMB _aInteligencia artificial |
| 650 | 1 | 4 |
_2LEMB _aInnovaciones tecnológicas |
| 650 | 1 | 4 |
_2LEMB _aInteligencia artificial en los negocios |
| 650 | 1 | 4 |
_2LEMB _aAptitud creadora en los negocios |
| 700 | 1 |
_aRiaño, Orlando _etraductor |
|
| 700 | 1 |
_aCardozo Tovar, César A. _eeditor |
|
| 942 |
_2ddc _cBK |
||
| 999 |
_c17844 _d17844 |
||